[Event "Open Liberec 2015"]
[Site "Liberec (CZE)"]
[Date "2015.02.16"]
[Round "3.19"]
[White "_|_, Petr"]
[Black "Rychtecky, Pavel"]
[Result "1-0"]
[WhiteElo "1742"]
[BlackElo "1623"]
[PlyCount "63"]
[EventDate "2015.02.14"]
[Source "lmi"]
[SourceDate "2015.02.14"]

1. e4 c5 2. Nf3 Nc6 3. d4 cxd4 4. Nxd4 Nf6 5. Nc3 d6 6. Be2 a6 7. Be3 e6 8. O-O
Be7 9. f4 O-O 10. Bf3 Qc7 11. Nxc6 bxc6 12. Qe1 Bb7 13. Rc1 c5 14. e5 Nd5 15.
Nxd5 exd5 16. exd6 Bxd6 17. g3 Rfe8 18. Qf2 d4 19. Bd2 Re7 20. Qg2 Rae8 21.
Rce1 g6 22. Bxb7 Rb8 23. Rxe7 Bxe7 24. Bxa6 Rxb2 25. Bc4 Rxc2 26. Qd5 Bf6 27.
Rf2 h5 28. Bd3 Rxd2 29. Rxd2 Kg7 30. Bc4 h4 31. Rb2 hxg3 32. hxg3 1-0

[Event "Open Liberec 2015"]
[Site "Liberec (CZE)"]
[Date "2015.02.16"]
[Round "3.20"]
[White "Suchomel, Oldrich"]
[Black "Dadello, Barbara"]
[Result "1-0"]
[WhiteElo "1655"]
[BlackElo "1207"]
[PlyCount "105"]
[EventDate "2015.02.14"]
[Source "lmi"]
[SourceDate "2015.02.14"]

1. c4 e5 2. e4 Nf6 3. d3 Bc5 4. h3 d6 5. Nf3 Nc6 6. a3 Bd7 7. Nc3 h6 8. Be2 O-O
9. O-O Qe7 10. Kh1 Rfe8 11. Rb1 Nd4 12. Nxd4 Bxd4 13. Bd2 Be6 14. f4 c6 15. f5
Bd7 16. Qe1 Red8 17. Qg3 Kh8 18. Qh4 Be8 19. Rf3 Ng8 20. Qxe7 Nxe7 21. f6 Ng6
22. fxg7+ Kxg7 23. Rbf1 Rac8 24. Rg3 Kh7 25. Bg4 Rb8 26. Bf5 a6 27. h4 h5 28.
Bg5 b5 29. cxb5 axb5 30. Bxd8 Rxd8 31. Bxg6+ fxg6 32. Rf8 Bb6 33. Rgf3 Kg7 34.
Ne2 Rc8 35. R3f7+ Bxf7 36. Rxc8 c5 37. Rb8 Bc7 38. Rxb5 Bd8 39. g3 Be6 40. Nc3
Kf7 41. Rb7+ Be7 42. Nb5 Ke8 43. Nc7+ Kf7 44. Nxe6 Kxe6 45. Rb8 Kf7 46. a4 Ke6
47. a5 Kd7 48. Rb7+ Kd8 49. a6 Bf6 50. Rb8+ Kc7 51. a7 Kc6 52. a8=Q+ Kc7 53.
Qb7# 1-0

[Event "Open Liberec 2015"]
[Site "Liberec (CZE)"]
[Date "2015.02.16"]
[Round "4.1"]
[White "Nagy, Gabor"]
[Black "Kucera, Petr"]
[Result "1/2-1/2"]
[WhiteElo "2391"]
[BlackElo "2252"]
[PlyCount "62"]
[EventDate "2015.02.14"]
[Source "lmi"]
[SourceDate "2015.02.14"]

1. Nf3 d5 2. c4 c6 3. g3 Nf6 4. Bg2 e6 5. b3 Nbd7 6. O-O Bd6 7. d4 O-O 8. Nc3
Re8 9. Qc2 b6 10. e4 Nxe4 11. Nxe4 dxe4 12. Qxe4 Bb7 13. Bb2 Qc7 14. Qc2 Be7
15. Rad1 Rad8 16. Bc1 h6 17. Rfe1 Nf6 18. c5 bxc5 19. dxc5 Rxd1 20. Rxd1 Qa5
21. Be3 Nd5 22. Bd4 f6 23. Rc1 e5 24. Bb2 Bc8 25. Nh4 Be6 26. a3 Qc7 27. Be4
Bf7 28. Rd1 Rd8 29. Re1 Rb8 30. Ng6 Rb5 31. b4 a5 1/2-1/2

[Event "Open Liberec 2015"]
[Site "Liberec (CZE)"]
[Date "2015.02.16"]
[Round "4.2"]
[White "Halak, Miklos"]
[Black "Plischki, Sebastian"]
[Result "1/2-1/2"]
[WhiteElo "2241"]
[BlackElo "2386"]
[PlyCount "33"]
[EventDate "2015.02.14"]
[Source "lmi"]
[SourceDate "2015.02.14"]

1. e4 e5 2. Nf3 Nc6 3. Be2 Nf6 4. Nc3 d5 5. exd5 Nxd5 6. d3 Bb4 7. Bd2 O-O 8.
O-O Bxc3 9. bxc3 Qf6 10. Ne1 Be6 11. Bf3 e4 12. Bxe4 Nxc3 13. Bxc3 Qxc3 14. Nf3
h6 15. a3 Rab8 16. Bxc6 Qxc6 17. Nd4 1/2-1/2

[Event "Open Liberec 2015"]
[Site "Liberec (CZE)"]
[Date "2015.02.16"]
[Round "4.3"]
[White "Simek, Petr"]
[Black "Paszewski, Mateusz"]
[Result "1/2-1/2"]
[WhiteElo "2383"]
[BlackElo "2209"]
[PlyCount "68"]
[EventDate "2015.02.14"]
[Source "lmi"]
[SourceDate "2015.02.14"]

1. d4 d5 2. c4 c6 3. Nf3 Nf6 4. Qc2 dxc4 5. Qxc4 Bf5 6. g3 e6 7. Bg2 Be7 8. O-O
Nbd7 9. e3 O-O 10. Rd1 Qc7 11. Qe2 Rfe8 12. Nc3 Ne4 13. Ne1 Ndf6 14. f3 Nxc3
15. bxc3 e5 16. e4 Be6 17. Nd3 Nd7 18. f4 f6 19. Be3 Rad8 20. Qc2 Bd6 21. Kh1
Nb6 22. dxe5 fxe5 23. f5 Bf7 24. Qf2 Nc4 25. Bg5 Be7 26. h4 Qa5 27. Nb4 Bxg5
28. hxg5 Qb6 29. Kg1 Bh5 30. Rxd8 Rxd8 31. Bf1 Nd2 32. Bg2 Nc4 33. Bf1 Nd2 34.
Bg2 Nc4 1/2-1/2

[Event "Open Liberec 2015"]
[Site "Liberec (CZE)"]
[Date "2015.02.16"]
[Round "4.4"]
[White "Kuba, Stanislav"]
[Black "Vlasak, Lukas"]
[Result "0-1"]
[WhiteElo "2164"]
[BlackElo "2353"]
[PlyCount "112"]
[EventDate "2015.02.14"]
[Source "lmi"]
[SourceDate "2015.02.14"]

1. g3 g6 2. Bg2 Bg7 3. d4 c5 4. c3 cxd4 5. cxd4 Nf6 6. Nf3 O-O 7. O-O d6 8. Nc3
Nc6 9. d5 Ne5 10. Nxe5 dxe5 11. Qb3 Ne8 12. Be3 Nd6 13. Rac1 b6 14. Nb5 Bg4 15.
Nxd6 exd6 16. Rc6 Bd7 17. Rc4 Rc8 18. Rfc1 Rxc4 19. Qxc4 Qb8 20. Qc7 Bb5 21.
Kf1 Bf6 22. b3 Ba6 23. Be4 Kg7 24. Rc6 Rc8 25. Qxd6 Qxd6 26. Rxd6 Bb5 27. Bh6+
Kxh6 28. Rxf6 Kg7 29. Rd6 Kf8 30. f4 exf4 31. Rf6 fxg3 32. hxg3 Ke7 33. Rf3 f5
34. Bd3 Bxd3 35. Rxd3 Kd6 36. b4 Rc4 37. a3 Rc7 38. Kf2 Rd7 39. g4 fxg4 40. e4
Ke5 41. Re3 h5 42. Kg3 g5 43. Re1 Rf7 44. Rd1 Kxe4 45. d6 Rd7 46. Rh1 Rxd6 47.
Rxh5 Kf5 48. a4 Rd3+ 49. Kg2 Ra3 50. a5 bxa5 51. bxa5 Kf4 52. Rh7 Ra2+ 53. Kf1
Rxa5 54. Rc7 Kg3 55. Rc3+ Kh2 56. Rc2+ Kh3 0-1

[Event "Open Liberec 2015"]
[Site "Liberec (CZE)"]
[Date "2015.02.16"]
[Round "4.5"]
[White "Chudinovskikh, Alexander M"]
[Black "Dadello, Aleksandra"]
[Result "1/2-1/2"]
[WhiteElo "2264"]
[BlackElo "2036"]
[PlyCount "97"]
[EventDate "2015.02.14"]
[Source "lmi"]
[SourceDate "2015.02.14"]

1. Nf3 d5 2. g3 Nf6 3. Bg2 c5 4. O-O Nc6 5. d4 e6 6. c4 Be7 7. cxd5 exd5 8. Nc3
O-O 9. b3 Ne4 10. Bb2 Bf6 11. Rc1 Nxd4 12. Nxe4 Nxf3+ 13. exf3 Bxb2 14. Rc2
dxe4 15. Rxb2 exf3 16. Qxf3 Rb8 17. Rd1 Qg5 18. h4 Qg4 19. Qxg4 Bxg4 20. Rd5 b6
21. Rbd2 Rfe8 22. Rd6 Kf8 23. Kh2 Ke7 24. Bh3 Bxh3 25. Kxh3 Rbd8 26. Rxd8 Rxd8
27. Re2+ Kd6 28. Kg4 b5 29. Kf4 Rd7 30. Rc2 Kc6 31. Ke4 Rd4+ 32. Ke5 Rd1 33. f3
Rd5+ 34. Ke4 Kd6 35. g4 Rd4+ 36. Ke3 Kd5 37. h5 c4 38. bxc4+ bxc4 39. Rc3 Ke5
40. Ra3 Rd3+ 41. Rxd3 cxd3 42. f4+ Kd5 43. Kxd3 f6 44. Ke3 a5 45. Kd3 g6 46.
hxg6 hxg6 47. a4 f5 48. g5 Kc5 49. Kc3 1/2-1/2

[Event "Open Liberec 2015"]
[Site "Liberec (CZE)"]
[Date "2015.02.16"]
[Round "4.6"]
[White "Siggelkow, Axel"]
[Black "Bjerke, Silje"]
[Result "1/2-1/2"]
[WhiteElo "1942"]
[BlackElo "2157"]
[PlyCount "89"]
[EventDate "2015.02.14"]
[Source "lmi"]
[SourceDate "2015.02.14"]

1. d4 Nf6 2. c4 e6 3. Nf3 Bb4+ 4. Bd2 c5 5. Bxb4 cxb4 6. g3 O-O 7. Bg2 d6 8.
O-O a5 9. a3 Na6 10. axb4 Nxb4 11. Nc3 Qe7 12. Nd2 e5 13. Nb3 exd4 14. Nxd4 Be6
15. Nd5 Bxd5 16. cxd5 Rfe8 17. Nb5 Qd7 18. Nc3 Qc7 19. Qd2 Qb6 20. e3 Rac8 21.
Rfd1 Nd7 22. Na4 Qa6 23. Bf1 Qa7 24. Rac1 Ne5 25. Kg2 g6 26. Bb5 Red8 27. Rxc8
Rxc8 28. Rc1 Qb8 29. Nb6 Rc7 30. f4 Ng4 31. Nd7 Qc8 32. Rxc7 Qxc7 33. h3 Qc2
34. Qxc2 Nxe3+ 35. Kf3 Nexc2 36. Nf6+ Kf8 37. Ke4 Ke7 38. Ng8+ Kd8 39. Nf6 h5
40. g4 hxg4 41. hxg4 Na6 42. Bxa6 bxa6 43. Kd3 Nb4+ 44. Kc4 Ke7 45. g5 1/2-1/2

[Event "Open Liberec 2015"]
[Site "Liberec (CZE)"]
[Date "2015.02.16"]
[Round "4.7"]
[White "Balinski, Damian"]
[Black "Bradac, Daniel"]
[Result "1/2-1/2"]
[WhiteElo "2156"]
[BlackElo "1932"]
[PlyCount "92"]
[EventDate "2015.02.14"]
[Source "lmi"]
[SourceDate "2015.02.14"]

1. d4 Nf6 2. c4 g6 3. Nc3 Bg7 4. e4 d6 5. f3 O-O 6. Be3 Nbd7 7. Qd2 c5 8. Nge2
a6 9. Bh6 b5 10. Bxg7 Kxg7 11. cxb5 axb5 12. Nxb5 Ba6 13. Nec3 Qa5 14. Be2 Rfb8
15. a4 Bxb5 16. Nxb5 cxd4 17. Qxa5 Rxa5 18. b4 Raa8 19. O-O d5 20. Nc7 Ra7 21.
Na6 Rb6 22. a5 Rd6 23. exd5 Nxd5 24. b5 e5 25. Rfc1 Nc3 26. Bd3 f5 27. b6 Nxb6
28. axb6 Rxb6 29. Nc5 Rc7 30. Na4 Rbc6 31. Nxc3 Rxc3 32. Rxc3 Rxc3 33. Rd1 Kf6
34. Kf2 h5 35. h4 g5 36. hxg5+ Kxg5 37. g3 Rb3 38. Rd2 f4 39. Be4 fxg3+ 40.
Kxg3 h4+ 41. Kh3 Kf4 42. Kxh4 Rxf3 43. Bxf3 Kxf3 44. Kg5 Ke3 45. Ra2 d3 46. Kf5
d2 1/2-1/2

[Event "Open Liberec 2015"]
[Site "Liberec (CZE)"]
[Date "2015.02.16"]
[Round "4.8"]
[White "Kucera, Jaroslav"]
[Black "Sobeck, Guenter"]
[Result "0-1"]
[WhiteElo "1929"]
[BlackElo "2107"]
[PlyCount "46"]
[EventDate "2015.02.14"]
[Source "lmi"]
[SourceDate "2015.02.14"]

1. e4 e5 2. f4 exf4 3. Nf3 Be7 4. Bc4 Nf6 5. d3 d5 6. exd5 Nxd5 7. Bxd5 Qxd5 8.
Bxf4 O-O 9. O-O Bg4 10. Nc3 Qd7 11. Qd2 Nc6 12. Rae1 Rae8 13. a3 Bxf3 14. Rxf3
Bc5+ 15. Kh1 Rxe1+ 16. Qxe1 Nd4 17. Rg3 Qe6 18. Qd2 Bb6 19. Ne4 f5 20. Bh6 fxe4
21. Rxg7+ Kh8 22. h3 e3 23. Rxh7+ Kxh7 0-1

[Event "Open Liberec 2015"]
[Site "Liberec (CZE)"]
[Date "2015.02.16"]
[Round "4.9"]
[White "Prachar, Josef"]
[Black "Brechlin, Olaf"]
[Result "1-0"]
[WhiteElo "1919"]
[BlackElo "2041"]
[PlyCount "155"]
[EventDate "2015.02.14"]
[Source "lmi"]
[SourceDate "2015.02.14"]

1. d4 d5 2. c4 Nc6 3. Nf3 Bg4 4. e3 e5 5. Be2 e4 6. Nfd2 Bxe2 7. Qxe2 Nb4 8.
O-O Nc2 9. Nxe4 Nxa1 10. cxd5 Qxd5 11. Nbc3 Qa5 12. Bd2 Be7 13. Rxa1 Nf6 14.
Nxf6+ Bxf6 15. Nb5 Qb6 16. Rc1 Bd8 17. Qc4 O-O 18. Bb4 Re8 19. Bc5 Qg6 20. Nc3
c6 21. Qb3 b6 22. Ba3 Be7 23. Bxe7 Rxe7 24. Ne2 Qd6 25. Qa4 Rc8 26. Qa6 Rec7
27. Qd3 Rd8 28. Qb3 c5 29. Rd1 c4 30. Qb5 Rc5 31. Qb4 Rh5 32. Qxd6 Rxd6 33. Rc1
b5 34. Ng3 Rhd5 35. Ne4 Rb6 36. h3 f5 37. Nc5 a5 38. Kf1 Kf7 39. g3 Rc6 40. Ke2
g5 41. Kf3 h5 42. Kg2 Kg6 43. Nd3 Rc8 44. Nc5 Re8 45. b3 cxb3 46. Nxb3 a4 47.
Rc6+ Kf7 48. Nc5 Rb8 49. Rc7+ Kg6 50. Rc6+ Kh7 51. Rc7+ Kg8 52. Nd7 Rxd7 53.
Rxd7 b4 54. Rc7 b3 55. axb3 axb3 56. Rc1 b2 57. Rb1 Kf7 58. Kf1 Ke6 59. Ke2 f4
60. Kd2 Kf5 61. Kc3 fxg3 62. fxg3 Rc8+ 63. Kd3 Rb8 64. e4+ Ke6 65. Kc3 Rf8 66.
Rxb2 Rf3+ 67. Kc4 Rxg3 68. Rb6+ Ke7 69. Kd5 Rxh3 70. e5 Rd3 71. Rb7+ Ke8 72.
Rh7 h4 73. Ke6 Kf8 74. d5 Kg8 75. Rh5 Kg7 76. Rxg5+ Kh6 77. Rg8 Kh7 78. Rg4 1-0

[Event "Open Liberec 2015"]
[Site "Liberec (CZE)"]
[Date "2015.02.16"]
[Round "4.10"]
[White "Ptacek, Tomas"]
[Black "Domanski, Lukasz"]
[Result "0-1"]
[WhiteElo "2009"]
[BlackElo "1821"]
[PlyCount "42"]
[EventDate "2015.02.14"]
[Source "lmi"]
[SourceDate "2015.02.14"]

1. e4 e5 2. Nf3 d6 3. d4 exd4 4. Nxd4 g6 5. Nc3 Bg7 6. Be3 Nf6 7. Qd2 O-O 8.
Bc4 Nbd7 9. h3 Nb6 10. Be2 Re8 11. Bg5 a6 12. O-O-O d5 13. Nf3 Qd7 14. exd5 Ne4
15. Nxe4 Rxe4 16. Qd3 Qe8 17. Be3 Bf5 18. b3 Rc4 19. Qxc4 Nxc4 20. Bxc4 Qe7 21.
d6 cxd6 0-1

[Event "Open Liberec 2015"]
[Site "Liberec (CZE)"]
[Date "2015.02.16"]
[Round "4.11"]
[White "Strand, Oyvin"]
[Black "Liduch, Filip"]
[Result "0-1"]
[WhiteElo "1845"]
[BlackElo "1988"]
[PlyCount "88"]
[EventDate "2015.02.14"]
[Source "lmi"]
[SourceDate "2015.02.14"]

1. d4 Nf6 2. Nf3 g6 3. c4 Bg7 4. Nc3 d5 5. cxd5 Nxd5 6. e4 Nxc3 7. bxc3 O-O 8.
Bd3 c5 9. Be2 Nc6 10. Bb2 cxd4 11. Nxd4 Qa5 12. O-O Rd8 13. Nxc6 bxc6 14. Qc2
Rb8 15. Rad1 Rxd1 16. Rxd1 Qxa2 17. Qc1 Qxb2 18. Rd8+ Bf8 19. Qh6 Qb1+ 20. Bf1
Qxf1+ 21. Kxf1 Ba6+ 22. Ke1 Rxd8 23. Qe3 Bg7 24. e5 Rd5 25. f4 c5 26. Qe4 e6
27. Qa4 Bd3 28. Qxa7 Bf8 29. Qa4 Kg7 30. h3 Be7 31. g3 h6 32. Qe8 Bf8 33. Qa4
h5 34. g4 hxg4 35. hxg4 Be7 36. g5 Bf5 37. Qe8 Bf8 38. Qa4 Rd3 39. Qc4 Rf3 40.
Qa4 Rxc3 41. Qd1 Rc2 42. Qd8 c4 43. Qf6+ Kg8 44. Qd8 c3 0-1

[Event "Open Liberec 2015"]
[Site "Liberec (CZE)"]
[Date "2015.02.16"]
[Round "4.12"]
[White "Wasik, Jozef"]
[Black "Liska-Jun., Jiri"]
[Result "0-1"]
[WhiteElo "1834"]
[BlackElo "1985"]
[PlyCount "66"]
[EventDate "2015.02.14"]
[Source "lmi"]
[SourceDate "2015.02.14"]

1. d4 Nf6 2. Bf4 d5 3. e3 g6 4. c4 Bg7 5. Nc3 c6 6. h3 O-O 7. Nf3 Qa5 8. Qb3
Na6 9. a3 dxc4 10. Qxc4 Be6 11. Qa4 Qh5 12. b4 Nd5 13. Nxd5 Qxd5 14. Rc1 Nb8
15. Be2 h6 16. O-O Nd7 17. Rfd1 Nb6 18. Qc2 g5 19. Bg3 f5 20. Qd2 Qd8 21. b5
Bd5 22. bxc6 bxc6 23. Ne5 Rf6 24. Qb4 Re6 25. Bd3 Qf8 26. Qb1 f4 27. Bh7+ Kh8
28. Bf5 Rxe5 29. dxe5 fxg3 30. e4 gxf2+ 31. Kf1 Bc4+ 32. Rxc4 Nxc4 33. e6 Ne3+
0-1

[Event "Open Liberec 2015"]
[Site "Liberec (CZE)"]
[Date "2015.02.16"]
[Round "4.13"]
[White "Frej, Zofia"]
[Black "Moncayo Romero, Evelyn"]
[Result "1/2-1/2"]
[WhiteElo "1804"]
[BlackElo "2080"]
[PlyCount "61"]
[EventDate "2015.02.14"]
[Source "lmi"]
[SourceDate "2015.02.14"]

1. e4 c5 2. Nf3 d6 3. c3 Nf6 4. h3 Nc6 5. Bd3 Bd7 6. O-O Rc8 7. Bc2 e6 8. Re1
Qc7 9. d3 Be7 10. Bf4 e5 11. Bg3 O-O 12. Nbd2 b5 13. Nf1 b4 14. Ne3 bxc3 15.
bxc3 Qa5 16. Qd2 Qa3 17. Bb3 Be6 18. Ng5 Nd8 19. Nxe6 Nxe6 20. Nf5 Rc7 21.
Nxe7+ Rxe7 22. Bh4 Nf4 23. Bxf6 gxf6 24. Kh2 Qa6 25. Bc4 Qc8 26. Re3 Kh8 27.
Rg3 h5 28. Rb1 Rc7 29. Bd5 Kh7 30. c4 Rg8 31. Rxg8 1/2-1/2

[Event "Open Liberec 2015"]
[Site "Liberec (CZE)"]
[Date "2015.02.16"]
[Round "4.14"]
[White "Novotny, Jaroslav"]
[Black "Simon, Petr"]
[Result "1-0"]
[WhiteElo "2022"]
[BlackElo "1742"]
[PlyCount "75"]
[EventDate "2015.02.14"]
[Source "lmi"]
[SourceDate "2015.02.14"]

1. c4 Nf6 2. Nc3 g6 3. e4 d6 4. d4 Bg7 5. f3 O-O 6. Be3 e5 7. Nge2 Nbd7 8. Qd2
a5 9. d5 Nc5 10. Nc1 Nfd7 11. Nd3 Nxd3+ 12. Bxd3 f5 13. exf5 gxf5 14. O-O Nf6
15. Bh6 Rf7 16. Rae1 Bd7 17. Bxg7 Rxg7 18. c5 Qf8 19. Bc4 Kh8 20. Nb5 Bxb5 21.
Bxb5 Qf7 22. cxd6 cxd6 23. Rd1 Qg6 24. Rf2 Rc7 25. Rc1 Rac8 26. Rxc7 Rxc7 27.
Qxa5 Nxd5 28. Bf1 Qf7 29. Rd2 Rc5 30. Qd8+ Kg7 31. Qxd6 b6 32. b4 Nxb4 33. Qxb6
Rc1 34. Qxb4 Qa7+ 35. Rf2 Rc2 36. Qe1 Rxa2 37. Qxe5+ Kg8 38. Bc4+ 1-0

[Event "Open Liberec 2015"]
[Site "Liberec (CZE)"]
[Date "2015.02.16"]
[Round "4.15"]
[White "Malinovsky, Petr"]
[Black "Klucznik, Andre"]
[Result "1/2-1/2"]
[WhiteElo "1984"]
[BlackElo "1776"]
[PlyCount "64"]
[EventDate "2015.02.14"]
[Source "lmi"]
[SourceDate "2015.02.14"]

1. d4 Nf6 2. c4 d6 3. Nc3 g6 4. e4 Bg7 5. f3 c6 6. Be3 a6 7. c5 b6 8. cxd6 exd6
9. Bd3 Be6 10. Nge2 O-O 11. O-O b5 12. Qd2 Re8 13. h3 Nbd7 14. f4 Nb6 15. b3
Re7 16. f5 Bc8 17. fxg6 fxg6 18. Bg5 Rf7 19. Rae1 Qc7 20. Ng3 Be6 21. Bb1 Raf8
22. Bh6 Ne8 23. Rxf7 Rxf7 24. Bxg7 Nxg7 25. Rf1 Rxf1+ 26. Nxf1 Qf7 27. Qg5 Qf8
28. Qe3 Bf7 29. Ng3 Nd7 30. Nce2 Qe8 31. Qf4 Qe7 32. Qd2 Qe8 1/2-1/2

[Event "Open Liberec 2015"]
[Site "Liberec (CZE)"]
[Date "2015.02.16"]
[Round "4.16"]
[White "Nikula, Mikko"]
[Black "Hiller, Wieland"]
[Result "1-0"]
[WhiteElo "1871"]
[BlackElo "1954"]
[PlyCount "63"]
[EventDate "2015.02.14"]
[Source "lmi"]
[SourceDate "2015.02.14"]

1. e4 c5 2. Nf3 e6 3. d4 cxd4 4. Nxd4 a6 5. c4 Nf6 6. Bd3 Be7 7. O-O d6 8. Nc3
Nbd7 9. a3 Qc7 10. b3 b5 11. Bb2 bxc4 12. Bxc4 Bb7 13. f3 Nb6 14. Bxe6 fxe6 15.
Nxe6 Qb8 16. Nxg7+ Kf7 17. Nf5 Bc8 18. Nxe7 Kxe7 19. Nd5+ Nbxd5 20. exd5 Rf8
21. Qd3 Qb7 22. Qe3+ Kd8 23. Qg5 Qf7 24. Rac1 Bb7 25. Bd4 Bxd5 26. Bxf6+ Qxf6
27. Qxd5 Rc8 28. Rxc8+ Kxc8 29. Qa8+ Kd7 30. Qb7+ Kd8 31. Rc1 Qe6 32. Qb8+ 1-0

[Event "Open Liberec 2015"]
[Site "Liberec (CZE)"]
[Date "2015.02.16"]
[Round "4.17"]
[White "Berger, Volkmar"]
[Black "Hons, Tomas"]
[Result "0-1"]
[WhiteElo "1801"]
[BlackElo "1652"]
[PlyCount "80"]
[EventDate "2015.02.14"]
[Source "lmi"]
[SourceDate "2015.02.14"]

1. d4 Nf6 2. c4 e6 3. Nf3 d5 4. e3 c6 5. b3 Nbd7 6. Be2 Bd6 7. O-O O-O 8. Ba3
Bxa3 9. Nxa3 Ne4 10. Qc2 f5 11. Rac1 Rf6 12. b4 a6 13. Qa4 Rh6 14. b5 Nb6 15.
Qa5 axb5 16. Qb4 Nxc4 17. Nxc4 bxc4 18. a4 Qd6 19. Qxd6 Nxd6 20. Ra1 Rf6 21.
Ne5 Rf8 22. f3 Nf7 23. Nxf7 Kxf7 24. e4 Ra5 25. Rfb1 Ke7 26. Rb4 Kd6 27. e5+
Kc7 28. Rab1 Ra7 29. Bd1 Bd7 30. f4 b5 31. Ra1 Rfa8 32. Kf2 bxa4 33. Raxa4 Rxa4
34. Rxa4 Rxa4 35. Bxa4 c5 36. Bxd7 Kxd7 37. Ke3 Kc6 38. h3 cxd4+ 39. Kxd4 Kb5
40. g4 g5 0-1

[Event "Open Liberec 2015"]
[Site "Liberec (CZE)"]
[Date "2015.02.16"]
[Round "4.18"]
[White "Vorontsov, Gennadiy"]
[Black "Kopecky, Zdenek"]
[Result "1-0"]
[WhiteElo "1727"]
[BlackElo "1618"]
[PlyCount "65"]
[EventDate "2015.02.14"]
[Source "lmi"]
[SourceDate "2015.02.14"]

1. e4 c5 2. Nf3 d6 3. d4 cxd4 4. Nxd4 Nf6 5. f3 a6 6. c4 e6 7. Nc3 Be7 8. Be3
Bd7 9. Be2 Nc6 10. Qd2 Rc8 11. g4 h6 12. h4 Nh7 13. g5 h5 14. f4 g6 15. f5 Ne5
16. f6 Bf8 17. b3 Qc7 18. a4 Nc6 19. O-O-O Qa5 20. Kb2 Nxd4 21. Qxd4 Bc6 22.
Rhf1 Rd8 23. Qb6 Qxb6 24. Bxb6 Rc8 25. a5 Bd7 26. Rd3 Bc6 27. Rfd1 Rg8 28. Bf3
Rh8 29. Bg2 Rg8 30. Bh3 Ra8 31. e5 Rc8 32. exd6 Kd7 33. b4 1-0

[Event "Open Liberec 2015"]
[Site "Liberec (CZE)"]
[Date "2015.02.16"]
[Round "4.19"]
[White "Dadello, Barbara"]
[Black "Hanus, Jan"]
[Result "1-0"]
[WhiteElo "1207"]
[BlackElo "1410"]
[PlyCount "61"]
[EventDate "2015.02.14"]
[Source "lmi"]
[SourceDate "2015.02.14"]

1. e4 c5 2. Nf3 d6 3. d4 cxd4 4. Nxd4 e5 5. Nb3 Nf6 6. Nc3 a6 7. Be3 Nbd7 8. f3
Be7 9. Qd2 O-O 10. O-O-O Qc7 11. Kb1 b6 12. g4 Rd8 13. g5 Ne8 14. h4 f6 15.
gxf6 Bxf6 16. Qd5+ Kh8 17. Bc4 Qxc4 18. Qxc4 Nc5 19. Nxc5 bxc5 20. Bg5 a5 21.
Bxf6 Nxf6 22. Nd5 Ba6 23. Qc3 Nxd5 24. Rxd5 Bb7 25. Rd2 Ra7 26. Rhd1 Ra6 27.
Qxc5 Rc6 28. Qxe5 h6 29. Rxd6 Rcxd6 30. Rxd6 Rf8 31. Rxh6+ 1-0

[Event "Open Liberec 2015"]
[Site "Liberec (CZE)"]
[Date "2015.02.16"]
[Round "4.20"]
[White "Stocek, Jiri"]
[Black "Daems, Jan"]
[Result "1-0"]
[WhiteElo "1306"]
[BlackElo "1146"]
[PlyCount "105"]
[EventDate "2015.02.14"]
[Source "lmi"]
[SourceDate "2015.02.14"]

1. d4 e6 2. Nf3 d5 3. a3 h6 4. Nc3 Nc6 5. e3 a6 6. Bd3 Bd6 7. O-O Qe7 8. b4 b5
9. Bb2 Bb7 10. Re1 Nf6 11. h3 g5 12. e4 dxe4 13. Nxe4 O-O-O 14. Rb1 Nd5 15. c4
bxc4 16. Bxc4 Nb8 17. b5 axb5 18. Bxb5 Bc6 19. Qa4 Bxb5 20. Qxb5 c6 21. Rec1
Kd7 22. Qb7+ Ke8 23. Qxe7+ Kxe7 24. Nc5 Nd7 25. Nxd7 Kxd7 26. Ne5+ Bxe5 27.
dxe5 Rhf8 28. Bd4 Rb8 29. Bc5 Rfc8 30. Bd6 Rxb1 31. Rxb1 f5 32. Rb7+ Nc7 33. a4
Kd8 34. Ra7 Nd5 35. Rh7 c5 36. Rh8+ Kd7 37. Rxc8 Kxc8 38. Bxc5 Nc3 39. a5 Kb7
40. Bb6 h5 41. g3 Nd5 42. Bd8 g4 43. h4 Nb4 44. Bf6 Nc6 45. a6+ Kxa6 46. Kf1
Kb5 47. Ke2 Kc5 48. Ke3 Kd5 49. Kf4 Nd4 50. Kg5 Nf3+ 51. Kxh5 Nxe5 52. Bxe5
Kxe5 53. Kg6 1-0

[Event "Open Liberec 2015"]
[Site "Liberec (CZE)"]
[Date "2015.02.17"]
[Round "5.1"]
[White "Vlasak, Lukas"]
[Black "Nagy, Gabor"]
[Result "1/2-1/2"]
[WhiteElo "2353"]
[BlackElo "2391"]
[PlyCount "20"]
[EventDate "2015.02.14"]
[Source "lmi"]
[SourceDate "2015.02.14"]

1. d4 Nf6 2. Nf3 b6 3. c4 e6 4. g3 Ba6 5. Nbd2 Bb4 6. Qc2 Bb7 7. Bg2 Be4 8. Qb3
Nc6 9. O-O Bxd2 10. Bxd2 O-O 1/2-1/2

[Event "Open Liberec 2015"]
[Site "Liberec (CZE)"]
[Date "2015.02.17"]
[Round "5.2"]
[White "Nosenko, Alexander"]
[Black "Halak, Miklos"]
[Result "1-0"]
[WhiteElo "2525"]
[BlackElo "2241"]
[PlyCount "51"]
[EventDate "2015.02.14"]
[Source "lmi"]
[SourceDate "2015.02.14"]

1. d4 Nf6 2. c4 g6 3. Nc3 Bg7 4. e4 d6 5. f3 O-O 6. Be3 b6 7. Qd2 c5 8. d5 e6
9. Bg5 exd5 10. Bxf6 Qxf6 11. Qxd5 Na6 12. Qxa8 Nb4 13. Rd1 Qg5 14. Nd5 Nc2+
15. Kf2 Bd4+ 16. Rxd4 Qc1 17. Ne2 Qe1+ 18. Kg1 cxd4 19. Ne7+ Kg7 20. Qd5 Qd2
21. h4 Qe3+ 22. Kh2 d3 23. Ng3 d2 24. Be2 Nd4 25. Qg5 Qxg5 26. hxg5 1-0

[Event "Open Liberec 2015"]
[Site "Liberec (CZE)"]
[Date "2015.02.17"]
[Round "5.3"]
[White "Plischki, Sebastian"]
[Black "Paszewski, Mateusz"]
[Result "1-0"]
[WhiteElo "2386"]
[BlackElo "2209"]
[PlyCount "79"]
[EventDate "2015.02.14"]
[Source "lmi"]
[SourceDate "2015.02.14"]

1. d4 d5 2. c4 c6 3. Nf3 Nf6 4. g3 Bf5 5. Nc3 e6 6. Nh4 Bg6 7. Nxg6 hxg6 8. Qd3
Nbd7 9. Bg2 Bd6 10. O-O O-O 11. Rd1 Re8 12. Bg5 Qa5 13. c5 Bf8 14. Bd2 Qc7 15.
f4 Reb8 16. b4 b6 17. Bf3 a5 18. a3 Qa7 19. Rab1 axb4 20. axb4 bxc5 21. bxc5
Ne8 22. g4 f5 23. g5 Nc7 24. Kg2 Rxb1 25. Rxb1 Rb8 26. h4 Rxb1 27. Qxb1 Kf7 28.
e3 Ke8 29. Be2 Kd8 30. Na2 Kc8 31. Nb4 Nb8 32. Kf2 Qa4 33. Qh1 Nd7 34. h5 gxh5
35. Qxh5 Kb7 36. Qf7 Kc8 37. Be1 Kd8 38. Nd3 Qa8 39. Ne5 Be7 40. Ng6 1-0

[Event "Open Liberec 2015"]
[Site "Liberec (CZE)"]
[Date "2015.02.17"]
[Round "5.4"]
[White "Kucera, Petr"]
[Black "Simek, Petr"]
[Result "1-0"]
[WhiteElo "2252"]
[BlackElo "2383"]
[PlyCount "87"]
[EventDate "2015.02.14"]
[Source "lmi"]
[SourceDate "2015.02.14"]

1. Nf3 g6 2. c4 Bg7 3. g3 c5 4. Bg2 Nc6 5. O-O Nh6 6. Nc3 O-O 7. a3 d6 8. Rb1
Be6 9. d3 Qc8 10. Nd5 Bh3 11. b4 Bxg2 12. Kxg2 e6 13. Nf6+ Bxf6 14. Bxh6 Rd8
15. Qc1 Rd7 16. Rd1 Qd8 17. h4 Rc8 18. h5 cxb4 19. axb4 b5 20. hxg6 hxg6 21.
Qf4 bxc4 22. dxc4 Ne5 23. Rbc1 Nxf3 24. Qxf3 Be5 25. Bf4 Qf6 26. Bxe5 Qxe5 27.
c5 d5 28. e3 Qf5 29. e4 Qxf3+ 30. Kxf3 dxe4+ 31. Kxe4 Rxd1 32. Rxd1 Kf8 33. Ra1
Rc7 34. Kd4 Ke7 35. b5 Kd8 36. c6 Re7 37. Kc5 e5 38. b6 axb6+ 39. Kxb6 Re6 40.
Ra8+ Ke7 41. Kb7 Kd6 42. c7 Re7 43. Ra6+ Kc5 44. Rf6 1-0

[Event "Open Liberec 2015"]
[Site "Liberec (CZE)"]
[Date "2015.02.17"]
[Round "5.5"]
[White "Roeder, Matthias"]
[Black "Wolf, Andreas"]
[Result "1-0"]
[WhiteElo "2414"]
[BlackElo "2035"]
[PlyCount "87"]
[EventDate "2015.02.14"]
[Source "lmi"]
[SourceDate "2015.02.14"]

1. c4 c5 2. Nf3 Nc6 3. d4 cxd4 4. Nxd4 Qb6 5. Nb3 e6 6. Nc3 Nf6 7. a3 d6 8. e4
Be7 9. Be3 Qc7 10. Be2 O-O 11. O-O a6 12. Rc1 Qb8 13. f4 b6 14. Bf3 e5 15. Nd5
Bd8 16. f5 Nd7 17. Nd2 Nd4 18. Bg4 Nf6 19. Nxf6+ Bxf6 20. Nf3 Bb7 21. Nxd4 exd4
22. Bxd4 Bxe4 23. Bxf6 gxf6 24. Qd4 d5 25. Qxf6 Qd8 26. Qh6 f6 27. cxd5 Bxd5
28. Rfd1 Ra7 29. Rd3 Rd7 30. Rcd1 Qe7 31. Qe3 Qxe3+ 32. Rxe3 Bc6 33. Re6 Rxd1+
34. Bxd1 Bb5 35. Rxb6 Kg7 36. Rd6 Rc8 37. Kf2 Rc5 38. g4 h5 39. h3 hxg4 40.
hxg4 Rc4 41. Ke3 Rc5 42. a4 Re5+ 43. Kf4 Be2 44. g5 1-0